00468 2200193 4500001002100000008004100021035002000062245002100082100001500103260003700118300002000155020002200175084001400197082000800211650001000219990001500229990001500244990001500259INLIS000000000003202 ind  a0010-1225000023 aBulancTere Liye aLiye, Tere aDepok :bPT Sabak Grip Nusantara a398c13,5x20 cm a978-623-9726-28-7 a813 LIY b a813 aFiksi a19639/B/26 a19640/B/26 a19641/B/26